000 01438nam a22002654a 4500
001 UTEA
005 20251013085556.0
006 g||||gr||||||01 nz
007 ta
008 251007b pe ||||| |||| 00| 0 spa d
020 _a9788441547056
040 _aUTEA
041 _aspa
082 _a005.13
_bB21 2023
100 _aBanzi Massmo
_eAutor
245 _aIntroducción a Arduino :
_bLa plataforma para prototipos electronicos de código abierto /
_cMassimo Banzi
_h[Texto Impreso]
250 _a4ta edición
260 _aEspaña;
_bEditorial Anaya multimedia S.A;
_c2023
300 _a255 páginas;
_bFiguras;
_c14 x 24 cm.
505 _aprefacio de la 4ta edición -- Introducción -- La filosofía de Arduino -- La plataforma arduino -- Empezar de verdad con arduino -- Técnicas avanzadas de entrada y salida --Processing con una lámpara arduino -- Arduino cloud -- Sistema de riego automático para el jardín -- La familia ARM de arduino -- Hablar a internet con ARM: un choque de puños conectada -- Solución de problemas -- Apéndice "A" la placa de pruebas -- Apéndice "B" lectura de resistencias y condensadores -- Apéndices "C" referencia rápida de Arduino -- Apéndice "D" lectura de diagramas esquemáticos.
650 _aLA FILOSOFIA DE ARDUINO
_959663
650 _aLA PLATAFORMA DE ARDUINO
_959664
700 _aMichael Shiloh
_eCautor
_959665
942 _2ddc
_cBK
_e2025-10-13
_zMag. Cecilio Flores Noa
999 _c17431
_d17431